| 000 | 01529nam a2200241 a 4500 | ||
|---|---|---|---|
| 001 | 000020249 | ||
| 005 | 20200929170330.0 | ||
| 008 | 091118s1988 dr ab 000 0 spa d | ||
| 040 |
_aDO-SdBNP _bspa _cBNPHU |
||
| 082 |
_axxxx _bxxxx |
||
| 100 | 1 |
_aLluberes, Andrea Mercedes _942865 |
|
| 245 | 1 | 0 |
_aEstudios sociales 4 : _beducación primaria / _cAndrea Mercedes Lluberes ; revisado y actualizado por Rafael A. González ; dirección técnica Yolanda R de Sánchez ; ilustración Liliana P. de Lantigua. |
| 250 | _a2da. ed. | ||
| 260 |
_aSanto Domingo : _bDisesa, _c1988 _fCorripio |
||
| 300 |
_a150 p : _bil., maps. ; _c27 cm. |
||
| 500 | _aEducación primaria | ||
| 500 | _aEste libro ha sido re-evaluado y aprobado por la Secretaría de Estado de Educación, Bellas Artes y Cultos, mediante oficio No. 6695 de fecha 29 de julio de 1985, para ser usado como texto básico para el 4to. Curso de educacion primaria. | ||
| 500 | _aLa biblioteca solamente posee el volumen 4. | ||
| 505 | 0 |
_gv. 4 : _gunidad 1 -- _tLa tierra, nuestro planeta -- _gunidad 2 -- _tLa República Dominicana y sus características económicas -- _gunidad 3 -- _tLa vida en Santo Domingo durante el descubrimiento, conquista y colonización -- _gunidad 4 -- _tNacimiento, formación y evolución de nuestra patria -- _gunidad 5 -- _tSeamos buenos dominicanos -- _gunidad 6 -- _tActividades del hombre -- |
|
| 700 | 1 |
_aGonzález, Rafael A. _eRev. Act. _942866 |
|
| 700 | 1 |
_aR. de Sánchez, Yolanda _edir. tec. _942863 |
|
| 700 | 1 |
_aP. de Lantigua, Liliana _eil. _942864 |
|
| 999 |
_c19754 _d19754 |
||